000 00809nam a2200229Ii 4500
003 JO-AjNU
008 230605s9999||||xx |||||||||||||| ||und||
017 _a2007/2/433
020 _a978-9957-02-274-7
040 _aJO-AjNU
_bara
_erda
_cJO-AjNU
041 _aara
050 1 4 _aHF 5549 .5 .T7.H37 2007
100 3 _aحسنين،حسين محمد,
_eauthor
_922600
245 0 0 _aطرائق تدريب الاهالي= Grassroots Training Techniques
250 _aط1
264 3 1 _aعمان: دار مجدلاوي للنشر والتوزيع،2007
300 _a341ص
_bيحتوي على صور ورسوم توضيحية
336 _atext
_btxt
_2rdacontent
337 _aunmediated
_bn
_2rdamedia
338 _avolume
_bnc
_2rdacarrier
650 4 _aالتنمية الادارية-التدريب
_922601
999 _aA8048
_c11616
_d11616